Detalles MARC
| 000 -LEADER |
| fixed length control field |
01930nam a2200493Ii 4500 |
| 001 - CONTROL NUMBER |
| control field |
DIG0000069 |
| 003 - CONTROL NUMBER IDENTIFIER |
| control field |
NyNyDIG |
| 006 - FIXED-LENGTH DATA ELEMENTS--ADDITIONAL MATERIAL CHARACTERISTICS |
| fixed length control field |
m o d |
| 007 - PHYSICAL DESCRIPTION FIXED FIELD--GENERAL INFORMATION |
| fixed length control field |
cr ||||||||||| |
| 008 - FIXED-LENGTH DATA ELEMENTS--GENERAL INFORMATION |
| fixed length control field |
100206s2003 sp o 000 d spa d |
| 020 ## - INTERNATIONAL STANDARD BOOK NUMBER |
| Canceled/invalid ISBN |
8495839326 |
| 020 ## - INTERNATIONAL STANDARD BOOK NUMBER |
| Canceled/invalid ISBN |
9788495839329 |
| 035 ## - SYSTEM CONTROL NUMBER |
| System control number |
(OCoLC)875214202 |
| 040 ## - CATALOGING SOURCE |
| Original cataloging agency |
DGITA |
| Language of cataloging |
eng |
| Description conventions |
pn |
| Transcribing agency |
DGITA |
| 050 04 - LIBRARY OF CONGRESS CALL NUMBER |
| Classification number |
PN1997.2 eBook |
| 100 1# - MAIN ENTRY--PERSONAL NAME |
| Personal name |
Harwood, Ronald, |
| Dates associated with a name |
1934- |
| 245 13 - TITLE STATEMENT |
| Title |
El pianista : |
| Remainder of title |
guión [cinematográfico] / |
| Statement of responsibility, etc. |
de Ronald Harwood ; basada en las memorias publicadas de Wladyslaw Szpilman. |
| 250 ## - EDITION STATEMENT |
| Edition statement |
1a. ed. en la Colección Espiral. |
| 264 #1 - PRODUCTION, PUBLICATION, DISTRIBUTION, MANUFACTURE, AND COPYRIGHT NOTICE |
| Place of production, publication, distribution, manufacture |
Madrid : |
| Name of producer, publisher, distributor, manufacturer |
Ocho y Medio, Libros de Cine, |
| Date of production, publication, distribution, manufacture, or copyright notice |
2003. |
| 300 ## - PHYSICAL DESCRIPTION |
| Extent |
1 online resource (135 pages) |
| 336 ## - CONTENT TYPE |
| Content type term |
text |
| Content type code |
txt |
| Source |
rdacontent |
| 337 ## - MEDIA TYPE |
| Media type term |
computer |
| Media type code |
c |
| Source |
rdamedia |
| 338 ## - CARRIER TYPE |
| Carrier type term |
online resource |
| Carrier type code |
cr |
| Source |
rdacarrier |
| 490 1# - SERIES STATEMENT |
| Series statement |
Colección Espiral ; |
| Volume/sequential designation |
29 |
| 500 ## - GENERAL NOTE |
| General note |
Includes the film script and background information on the film (artistic and technical) |
| 500 ## - GENERAL NOTE |
| General note |
"Para la pelicula dirigida por Roman Polanski" --(Cover) |
| 500 ## - GENERAL NOTE |
| General note |
Traducido del inglés por Josep Llurba Naval. |
| 600 10 - SUBJECT ADDED ENTRY--PERSONAL NAME |
| Personal name |
Szpilman, Władysław, |
| Dates associated with a name |
1911-2000 |
| Form subdivision |
Drama |
| 630 00 - SUBJECT ADDED ENTRY--UNIFORM TITLE |
| Uniform title |
Pianist (Motion picture : 2002) |
| 650 #0 - SUBJECT ADDED ENTRY--TOPICAL TERM |
| Topical term or geographic name entry element |
Motion picture plays |
| 650 #0 - SUBJECT ADDED ENTRY--TOPICAL TERM |
| Topical term or geographic name entry element |
Jews |
| Geographic subdivision |
Poland |
| Form subdivision |
Drama. |
| 650 #0 - SUBJECT ADDED ENTRY--TOPICAL TERM |
| Topical term or geographic name entry element |
Holocaust, Jewish (1939-1945) |
| Geographic subdivision |
Poland |
| -- |
Warsaw |
| Form subdivision |
Drama |
| 650 #0 - SUBJECT ADDED ENTRY--TOPICAL TERM |
| Topical term or geographic name entry element |
Jewish musicians |
| Geographic subdivision |
Poland |
| -- |
Warsaw |
| Form subdivision |
Drama |
| 655 #0 - INDEX TERM--GENRE/FORM |
| Genre/form data or focus term |
Electronic books. |
| 700 1# - ADDED ENTRY--PERSONAL NAME |
| Personal name |
Szpilman, Władysław, |
| Dates associated with a name |
1911-2000 |
| Title of a work |
Smierć miasta |
| Language of a work |
Spanish |
| Date of a work |
1946 |
| 700 1# - ADDED ENTRY--PERSONAL NAME |
| Personal name |
Polanski, Roman, |
| Dates associated with a name |
1933- |
| 791 2# - |
| -- |
Digitalia (Firm), |
| -- |
distributor. |
| 730 0# - ADDED ENTRY--UNIFORM TITLE |
| Uniform title |
Pianist (Motion picture : 2002) |
| 793 0# - |
| -- |
Digitalia eBook Collection: |
| -- |
Ocho y Medio. |
| 830 #0 - SERIES ADDED ENTRY--UNIFORM TITLE |
| Uniform title |
Colección Espiral (Madrid, Spain) ; |
| Volume/sequential designation |
29. |
| 856 40 - ELECTRONIC LOCATION AND ACCESS |
| Materials specified |
Digitalia Hispánica |
| Uniform Resource Identifier |
<a href="https://www.digitaliapublishing.com/a/404/">https://www.digitaliapublishing.com/a/404/</a> |
| 910 ## - USER-OPTION DATA (OCLC) |
| User-option data |
Premium Collection: 2007-2012 |
| 942 ## - ADDED ENTRY ELEMENTS (KOHA) |
| Koha item type |
Recurso Electrónico |